| 000 | 01185cam a2200349 i 4500 | ||
|---|---|---|---|
| 001 | 1838 | ||
| 005 | 20241106113548.0 | ||
| 020 | _a9781407132969 (kit) | ||
| 020 | _a9780439944496 (vol. 1 : pbk.) | ||
| 040 |
_aDLC _beng _erda _cDLC |
||
| 050 | 0 | 0 |
_aQ180.2 _bA77 2009 |
| 082 | _a741.594 | ||
| 100 | 1 |
_aArnold, Nick, _eauthor. |
|
| 245 | 1 | 0 |
_aBlood, bones and body bits _cNick Arnold illustrated by Tony De Saulles |
| 260 |
_aLondon : _bScholastic, _c2008 |
||
| 300 |
_a171 pages : _billustrations ; _c20 cm |
||
| 490 | _aHorrible Science | ||
| 500 | _aTitle from case. | ||
| 500 | _aContents indicated on side of case. | ||
| 500 | _aAll volumes by Nick Arnold and illustrated by Tony De Saulles. | ||
| 500 | _aEach volume contains own index. | ||
| 505 | 0 | _aQ | |
| 520 | _aA series of comics are used to explore different functions of the human body. | ||
| 521 |
_a890
_bLexile |
||
| 521 |
_aQ
_bRaz-Plus |
||
| 650 | 0 |
_aScience _vJuvenile literature. |
|
| 650 | 0 |
_aScience _xStudy and teaching (Primary) |
|
| 700 | 1 |
_aArnold, Nick, _eauthor. |
|
| 700 | 1 |
_aDe Saulles, Tony, _eillustrator. |
|
| 906 |
_a7 _bcbc _corignew _d2 _encip _f20 _gy-gencatlg |
||
| 942 |
_2ddc _cBK _n0 |
||
| 999 |
_c1838 _d1838 |
||